Planos en el tiempo (Record no. 3375)

MARC details
000 -CABECERA
campo de control de longitud fija 00636nam a2200229 a 4500
001 - NÚMERO DE CONTROL
campo de control BRCA_3640
005 - FECHA Y HORA DE LA ÚLTIMA TRANSACCIÓN
campo de control 20190320204350.0
008 - DATOS DE LONGITUD FIJA--INFORMACIÓN GENERAL
campo de control de longitud fija 260809s1962----mx-#######---#000-0#spa-#
041 ## - CÓDIGO DE LENGUA
Código de lengua del texto/banda sonora o título independiente spa
044 ## - CÓDIGO DEL PAÍS DE LA ENTIDAD EDITORA/PRODUCTORA
Código MARC del país sp
050 #4 - SIGNATURA TOPOGRÁFICA DE LA BIBLIOTECA DEL CONGRESO
Número de clasificación ND259
Número de documento/Ítem .M66 1
-- 1962
100 1# - ENTRADA PRINCIPAL--NOMBRE DE PERSONA
Nombre de persona Montenegro y Nervo, Roberto
Fechas asociadas al nombre 1886-1968
9 (RLIN) 9440
245 10 - MENCIÓN DE TÍTULO
Título Planos en el tiempo
Mención de responsabilidad, etc. Roberto Montenegro y Nervo.
260 ## - PUBLICACIÓN, DISTRIBUCIÓN, ETC.
Lugar de publicación, distribución, etc. México
Nombre del editor, distribuidor, etc. Arana
Fecha de publicación, distribución, etc. 1962
300 ## - DESCRIPCIÓN FÍSICA
Extensión 88 p.
Dimensiones 22 cm.
500 ## - NOTA GENERAL
Nota general Cuenta con dedicatoria del autor al Sr. Franz Mayer
500 ## - NOTA GENERAL
Nota general Ejemplar igual a B309
500 ## - NOTA GENERAL
Nota general B308
650 14 - PUNTO DE ACCESO ADICIONAL DE MATERIA--TÉRMINO DE MATERIA
Término de materia o nombre geográfico como elemento de entrada Pintores mexicanos
9 (RLIN) 4220
902 ## - CATALOGADOR
Iniciales GFM
942 ## - ELEMENTOS DE PUNTO DE ACCESO ADICIONAL (KOHA)
Fuente del sistema de clasificación o colocación Library of Congress Classification
Tipo de ítem Koha Libros
Holdings
Estado de retiro Estado de pérdida Estado dañado No para préstamo Localización permanente Ubicación/localización actual Fecha de adquisición Número de inventario Total de préstamos Signatura topográfica completa Código de barras Fecha visto por última vez Precio válido a partir de Tipo de ítem Koha
El ejemplar forma parte de la colección y puede ser consultado según las políticas vigentes.       Biblioteca del Museo Franz Mayer (Rogerio Casas-Alatriste) Biblioteca del Museo Franz Mayer (Rogerio Casas-Alatriste) 26/08/2009 B308   ND259 .M66 1 1962 (B308) 3637 22/03/2019 22/03/2019 Libros